000 00870nam a2200229Ia 4500
003 Ost
005 20260507074847.0
008 260507s9999||||xx |||||||||||||| ||und||
020 _a9789947041772
040 _cfsecg
041 _aara
082 _a336.2
100 _aحنيش، علي
_eمؤلف
245 0 _a مدخل إلى القانون الجبائي الجزائري /
_c علي حنيش
260 _aالجزائر:
_bمطبوعات الجميلة,
_c2014
300 _a71 صفحة؛
_bإيضاحات ؛
_c23 سم
504 _aببليوغرافيا: ص.71
520 _aدراسة تمهيدية لعلم القانون، دراسة النظرية العامة للضريبة، دراسة القانون الجبائي الجزائري
653 _aالضرائب
653 _aالقانون الجبائي-الجزائر
942 _cكتاب
999 _c41542
_d41542